• 首页
  • 本馆介绍
  • 公告通知
  • 最新文献
  • 馆藏检索
  • 电子资源
  • 读者导购
  • 参考咨询
  • 我的图书馆
  • 登录
  • 详细信息显示
  • 放入我的书架
  • 预约/预借图书
  • 作者相关作品
  • 分类相关作品
  • 丛书相关作品
  • 出版社相关作品

书目信息

  • 表格格式
  • 工作单格式
  • 卡片格式
题名:
美国研究的未来
    
 
作者: 罗 著 ;蔡新乐 译
分册:  
出版信息: 北京   中国社会科学出版社  2008.07
页数: 331页
开本: 23cm
丛书名: 知识分子图书馆
单 册:
中图分类: D771.2
科图分类:
主题词:
电子资源:
ISBN: 978-7-5004-6657-4
000 01027nam 2200265 450
001 2366744088
005 20231122183241.30
010    @a978-7-5004-6657-4@dCNY37.00@z7-5004-6657-9
100    @a20090429d2008 em y0chiy50 ea
101 1  @achi@ceng
102    @aCN@b110000
105    @ay z 000yy
200 1  @a美国研究的未来@Amei guo yan jiu de wei lai@f著 (美) 约翰·卡洛斯·罗@d= A future for American studies@fJohn Carlos Rowe@g译蔡新乐@zeng
210    @a北京@c中国社会科学出版社@d2008.07
215    @a331页@d23cm
225 2  @a知识分子图书馆@Azhi shi fen zi tu shu guan
330    @a本书探讨了两种美国研究的冲突和差异, 指出了新的美国研究的种种特征, 并通过文学、艺术和新闻中的美国形象, 对美国展开了作者笔下的“美国研究”。
410  0 @12001 @a知识分子图书馆
500 10 @aFuture for American studies@mChinese
607    @a美国@Amei guo@x研究
690    @aD771.2@v4
701  1 @a罗@Aluo@g(Rowe, John Carlos)@4著
702  0 @a蔡新乐@Acai xin le@4译
801  0 @aCN@bRENTIAN@c20090429
905    @aBZT@dD771.2@e10
    
    美国研究的未来/著 (美) 约翰·卡洛斯·罗= A future for American studies/John Carlos Rowe/译蔡新乐.-北京:中国社会科学出版社,2008.07
    331页;23cm.-(知识分子图书馆)
    
    
    ISBN 978-7-5004-6657-4:CNY37.00
    本书探讨了两种美国研究的冲突和差异, 指出了新的美国研究的种种特征, 并通过文学、艺术和新闻中的美国形象, 对美国展开了作者笔下的“美国研究”。
●
相关链接 在五车中查询图书 在当当中查询图书 在豆瓣中查询图书


正题名:美国研究的未来     索取号:D771.2/10         预约/预借

序号 登录号 条形码 馆藏地/架位号 状态 备注
1 2001066638   2001066638   东辅楼二楼书库/ [索取号:D771.2/10] 在馆    
2 2001066639   2001066639   东辅楼二楼书库/ [索取号:D771.2/10] 在馆    
3 2001066640   2001066640   东辅楼二楼书库/ [索取号:D771.2/10] 在馆    
4 2001066641   2001066641   东辅楼二楼书库/ [索取号:D771.2/10] 在馆    
5 2001066642   2001066642   东辅楼二楼书库/ [索取号:D771.2/10] 在馆    
6 2001066643   2001066643   东辅楼二楼书库/ [索取号:D771.2/10] 在馆    
7 2001066644   2001066644   东辅楼二楼书库/ [索取号:D771.2/10] 在馆    
8 2001066645   2001066645   东辅楼二楼书库/ [索取号:D771.2/10] 在馆    
9 2001066646   2001066646   东辅楼二楼书库/ [索取号:D771.2/10] 在馆    
10 2001066647   2001066647   东辅楼二楼书库/ [索取号:D771.2/10] 在馆    
11 2001066648   2001066648   东辅楼二楼书库/ [索取号:D771.2/10] 在馆    
12 2001066649   2001066649   东辅楼二楼书库/ [索取号:D771.2/10] 在馆    
13 2001066650   2001066650   东辅楼二楼书库/ [索取号:D771.2/10] 在馆    
14 2001066651   2001066651   东辅楼二楼书库/ [索取号:D771.2/10] 在馆    
15 2001066652   2001066652   东辅楼二楼书库/ [索取号:D771.2/10] 在馆    
16 2001066653   2001066653   东辅楼二楼书库/ [索取号:D771.2/10] 在馆    
17 2001066654   2001066654   东辅楼二楼书库/ [索取号:D771.2/10] 在馆    
18 2001066655   2001066655   东辅楼二楼书库/ [索取号:D771.2/10] 在馆    
19 2001066656   2001066656   东辅楼二楼书库/ [索取号:D771.2/10] 在馆    
20 2001066657   2001066657   东辅楼二楼书库/ [索取号:D771.2/10] 在馆    
21 2001066658   2001066658   东辅楼二楼书库/ [索取号:D771.2/10] 在馆    
22 2001066659   2001066659   东辅楼二楼书库/ [索取号:D771.2/10] 在馆    
23 2001066660   2001066660   东辅楼二楼书库/ [索取号:D771.2/10] 在馆    
24 2001066661   2001066661   东辅楼二楼书库/ [索取号:D771.2/10] 在馆    
25 2001066662   2001066662   东辅楼二楼书库/ [索取号:D771.2/10] 在馆    
26 2001066663   2001066663   东辅楼二楼书库/ [索取号:D771.2/10] 在馆    
27 2001066664   2001066664   东辅楼二楼书库/ [索取号:D771.2/10] 在馆    
28 2001066665   2001066665   东辅楼二楼书库/ [索取号:D771.2/10] 在馆    
29 2001066666   2001066666   东辅楼二楼书库/ [索取号:D771.2/10] 在馆    
30 2001066667   2001066667   东辅楼二楼书库/ [索取号:D771.2/10] 在馆    
山东省滨州职业学院图书馆 欢迎您!
大连网信软件有限公司© 版权所有